| 000 | 00391cam a2200145ua 4500 | ||
|---|---|---|---|
| 041 |
_aeng _h |
||
| 082 |
_a030 _bJON/WO |
||
| 100 | _aJones, Morris J. | ||
| 245 | 0 | 0 |
_aWorld book encyclopaedia, Vol 12 / _cMorris J Jones. _hTextual Documents |
| 260 |
_aChicago : _bField Enterprise Eduacational Corporation , _c1961. |
||
| 300 | _a820 ; . | ||
| 504 | _a | ||
| 942 | _cBK | ||
| 999 |
_c9088 _d9088 |
||